000 01093nam a22003617a 4500
001 BR0500251
003 BR-BrBNA
005 20230928101808.0
007 ta
008 230509b bl.||||| |||| 00| 0 por d
040 _aBR-BrBNA
_bpor
_cBiblioteca Nacional de Agricultura
041 _a(Por)
072 _aF01
_b2120
_b9910
090 _ 2120 BR0500251
110 1 _aEMBRAPA Café, Brasília, DF (Brasil)
111 1 _a2. Simpósio de Pesquisa dos Cafés do Brasil
_cVitória, ES (Brazil)
_d24-27 Sep 2001
245 1 _a2. Simpósio de Pesquisa dos Cafés do Brasil. Anais
_bConsórcio brasileiro de pesquisa e desenvolvimento do café
260 3 _aBrasília, DF (Brasil):
_c2002.
300 _av. 1-4
650 _aCAFÉ
650 _aCAFÉ TRATADO
650 _aPRÁTICA CULTURAL
650 _aPÓS-COLHEITA
650 _aQUALIDADE
650 _aDEFESA VEGETAL
650 _aCLIMA
650 _aBIOTECNOLOGIA
650 _aCADEIA PRODUTIVA
650 _aCOMERCIALIZAÇÃO
650 _aTECNOLOGIA AGRÍCOLA
909 _a202309
_bLucia
_c55
_dLucia Elande
942 _cBK
999 _c67618
_d67618